[Event "Rooks-Chargers, b2"]
[Site "?"]
[Date "2003.05.17"]
[Round "3"]
[White "Hill, Bob"]
[Black "Marcowka, Bob"]
[Result "0-1"]
[WhiteElo "2070"]
[BlackElo "1947"]
[Annotator "Friske,Tom"]
[PlyCount "96"]
[SourceDate "2003.05.17"]

1. d4 Nf6 2. Nf3 d6 3. Bg5 Bg4 4. Nbd2 Nbd7 5. h3 Bh5 6. c4 h6 7. Bf4 {
Diagram #} 7... g5 8. Bh2 Bg7 9. Qb3 Rb8 10. e4 Bxf3 11. Qxf3 e5 12. d5 c5 13.
Be2 {Diagram #} 13... Qa5 14. Qc3 Qxc3 15. bxc3 Nb6 16. a4 Nc8 17. f3 Ne7 18.
Nf1 Nh5 19. Kd2 Bf6 20. g3 Ng7 21. Ne3 Ng8 22. Rhb1 Kd7 23. Rb2 Ne7 24. Ng4 {
Diagram #} 24... Ne8 25. a5 Nc8 26. Rab1 b6 27. Bd1 Bd8 28. Ne3 Ng7 29. f4 exf4
30. gxf4 Bc7 31. f5 h5 32. f6 Ne8 33. Ba4+ Kd8 {Diagram #} 34. Bxe8 Kxe8 35.
Nf5 Kd7 36. a6 Bd8 37. e5 g4 38. h4 b5 39. Re1 dxe5 40. Bxe5 {Diagram #} 40...
Rb6 41. Rxb5 Rxb5 42. cxb5 Nb6 43. Kd3 (43. Ne3 Re8) 43... Nxd5 44. Kc4 Nxf6
45. Kxc5 Bb6+ 46. Kb4 Re8 47. Rd1+ Kc8 {Diagram #} 48. Ng7 Rd8 0-1

[Event "Chargers-Rooks, b3"]
[Site "?"]
[Date "2003.05.17"]
[Round "3"]
[White "Dobrovolny, Chuck"]
[Black "Suarez, Ed"]
[Result "1-0"]
[WhiteElo "1841"]
[BlackElo "1843"]
[Annotator "Friske,Tom"]
[PlyCount "61"]
[SourceDate "2003.05.17"]

1. f4 g6 2. e4 d6 3. d4 Nf6 4. Nc3 Bg7 5. Nf3 O-O 6. Bd3 Nbd7 7. O-O Re8 {
Diagram #} 8. e5 Ng4 9. h3 Nh6 10. g4 e6 11. f5 dxe5 12. fxg6 fxg6 13. Bg5 {
Diagram #} 13... Re7 (13... Bf6 $2 14. Bxh6) (13... Nf6 14. Nxe5 Rf8) 14. Bxe7
Qxe7 15. Qe2 exd4 16. Nb5 c5 {Diagram #} 17. Nc7 Rb8 18. Qxe6+ Qxe6 19. Nxe6 b6
20. Nxg7 Kxg7 21. Rae1 Ng8 22. Ne5 Nxe5 23. Rxe5 Bb7 24. Bc4 {Diagram #} 24...
a6 25. Rf7+ Kh8 26. Bd5 Bxd5 27. Rxd5 Nh6 28. Rfd7 Kg8 29. Rd8+ Rxd8 30. Rxd8+
Kf7 31. Rd6 {Diagram #} 1-0

[Event "Chargers-Rooks, b5"]
[Site "?"]
[Date "2003.05.17"]
[Round "3"]
[White "Dobr, C."]
[Black "Decman, Steve"]
[Result "1/2-1/2"]
[WhiteElo "1412"]
[BlackElo "1577"]
[Annotator "Friske,Tom"]
[PlyCount "62"]
[SourceDate "2003.05.17"]

1. d4 Nf6 2. Nc3 g6 3. Nf3 Bg7 4. e4 d6 5. Bc4 O-O 6. O-O Bg4 7. h3 Bxf3 8.
Qxf3 Nc6 9. Be3 a6 10. a3 e5 {Diagram #} 11. d5 Ne7 12. Qd1 Nh5 13. Be2 Nf4 14.
Bxf4 exf4 15. Qd3 g5 16. Bg4 Ng6 17. Bf5 Ne5 18. Qd1 Qf6 19. Qh5 {Diagram #}
19... h6 20. Nd1 c6 21. f3 cxd5 22. Nf2 Rfd8 23. c3 dxe4 24. Bxe4 d5 25. Bc2
Nc4 {Diagram #} 26. Ng4 Qb6+ 27. Kh1 Qxb2 28. Bg6 fxg6 29. Qxg6 {Diagram #}
29... Ne3 30. Nxh6+ Kh8 (30... Kf8 31. Qf7#) 31. Nf7+ Kg8 {DRAW AGREED} 1/2-1/2

[Event "Rooks-Chargers, b6"]
[Site "?"]
[Date "2003.05.17"]
[Round "3"]
[White "Baurac, Dave"]
[Black "Stamm, Vern"]
[Result "1-0"]
[WhiteElo "1675"]
[BlackElo "1530"]
[Annotator "Friske,Tom"]
[PlyCount "45"]
[SourceDate "2003.05.17"]

1. d4 b6 2. Bf4 Bb7 3. e3 Nf6 4. Nd2 e6 5. Ngf3 h6 6. Bd3 Be7 7. h3 O-O 8. O-O
Na6 9. c3 {Diagram #} 9... c5 10. Qe2 Qc8 11. Nc4 Nd5 12. Nd6 Bxd6 13. Bxd6 Re8
14. Bh2 c4 15. Bc2 (15. Bxc4) 15... b5 16. Ne5 {Diagram #} 16... Nb8 17. g4 Nc6
18. g5 hxg5 19. Qh5 Nxe5 20. Bxe5 {Diagram #} 20... f6 21. Bh7+ Kf8 22. Bd6+
Re7 23. Bg6 1-0

[Event "CICL op"]
[Site "?"]
[Date "2003.05.17"]
[Round "1"]
[White "Inumerable, Florin"]
[Black "Olsen, Art"]
[Result "1-0"]
[WhiteElo "2248"]
[BlackElo "1519"]
[PlyCount "51"]
[SourceDate "2003.05.17"]

1. d4 d5 2. Nf3 Nc6 3. Bf4 Nf6 4. e3 Nh5 5. Bg5 h6 6. Bh4 g6 7. c4 {Diagram #}
7... g5 8. cxd5 Qxd5 9. Nc3 Qa5 10. Bg3 Nxg3 11. hxg3 Bg7 12. a3 Bd7 13. Bd3 e6
14. b4 {Diagram #} 14... Nxb4 15. axb4 Qxb4 16. Qc2 b6 17. O-O c6 18. Rfb1 Qd6
{Diagram #} 19. Rxb6 O-O 20. Rb7 a5 21. Ne4 Qe7 22. Ne5 Bxe5 23. dxe5 {
Diagram #} 23... Kg7 24. Nf6 Rfd8 25. Be2 Rab8 26. Qh7+ 1-0

[Event "CICL op"]
[Site "?"]
[Date "2003.05.17"]
[Round "1"]
[White "LaForge, Wayne"]
[Black "Easton, Rich"]
[Result "0-1"]
[WhiteElo "1405"]
[BlackElo "1891"]
[PlyCount "58"]
[SourceDate "2003.05.17"]

1. c4 c6 2. Nc3 d5 3. g3 Nf6 4. d4 dxc4 5. e3 b5 6. Bg2 Nd5 7. Bxd5 cxd5 8.
Nxb5 {Diagram #} 8... Qa5+ 9. Nc3 Nc6 10. a3 Nb4 11. Qa4+ Qxa4 12. Nxa4 Nc2+
13. Kd2 Nxa1 {Diagram #} 14. Nc5 Bf5 15. Ne2 e6 16. f3 Bxc5 17. dxc5 Nb3+ 18.
Kc3 Kd7 19. g4 Bb1 20. Ng3 Kc6 {Diagram #} 21. e4 Kxc5 22. Be3+ d4+ 23. Bxd4+
Nxd4 24. Rxb1 Nxf3 {Diagram #} 25. Rf1 Ne5 26. h3 Rad8 27. Ne2 Rd3+ 28. Kc2
Rhd8 29. Nc3 Rxh3 0-1

[Event "CICL op"]
[Site "?"]
[Date "2003.05.17"]
[Round "1"]
[White "Sollano, Ely"]
[Black "Reid, Carl"]
[Result "1-0"]
[WhiteElo "1992"]
[BlackElo "1463"]
[PlyCount "71"]
[SourceDate "2003.05.17"]

1. Nf3 b6 2. d4 Bb7 3. c4 e6 4. Nc3 d6 5. e3 Nf6 6. Bd3 Nbd7 7. O-O Be7 {
Diagram #} 8. Nd2 O-O 9. Qe2 Re8 10. b3 Nf8 11. Nde4 d5 12. Nxf6+ Bxf6 {
Diagram #} 13. f4 c5 14. cxd5 cxd4 15. Ne4 dxe3 16. Nxf6+ Qxf6 17. Bxe3 exd5
18. Qf2 Rad8 19. Bd4 {Diagram #} 19... Qh6 20. f5 Rd6 21. Rae1 Rxe1 22. Rxe1
Rd8 23. h3 Qg5 24. Re3 f6 25. Rg3 Qc1+ 26. Kh2 Qc6 27. a4 Qd6 28. Qb2 Kh8 29.
Qe2 Bc6 30. Qg4 Rd7 {Diagram #} 31. h4 Re7 32. h5 h6 33. b4 Bxa4 34. b5 Bb3 35.
Bc3 {Diagram #} 35... Re3 36. Qxg7# 1-0

[Event "CICL op"]
[Site "?"]
[Date "2003.05.17"]
[Round "1"]
[White "Ailes, Tim"]
[Black "Marshall, Kevin"]
[Result "1-0"]
[WhiteElo "1662"]
[BlackElo "1360"]
[Annotator "Friske,Tom"]
[PlyCount "119"]
[SourceDate "2003.05.17"]

1. e4 e6 2. d4 d5 3. e5 c5 4. c3 Nc6 5. Nf3 Qb6 6. Bd3 Bd7 7. O-O cxd4 8. cxd4
Nxd4 9. Nxd4 Qxd4 10. Nc3 {Diagram #} 10... Qb6 11. Kh1 Ne7 12. f4 g6 13. a3
Bg7 14. b4 a6 15. Ra2 Rc8 {Diagram #} 16. Na4 Qa7 17. Nc5 Bb5 18. Be3 O-O 19.
Bxb5 axb5 20. Qe2 b6 21. Nb3 Nf5 22. Bg1 Rc4 23. Nd2 Rc3 24. Qxb5 Rxa3 25. Rxa3
Qxa3 26. Qxb6 {Diagram #} 26... Rc8 27. Nf3 Bf8 28. Qb7 Qc3 29. Ng5 Qc7 30.
Qxc7 Rxc7 31. b5 Be7 32. Nf3 Bc5 33. Rc1 Bb6 34. Rxc7 Bxc7 35. b6 {Diagram #}
35... Bb8 36. Nd4 Kf8 37. Nc6 d4 38. Nxd4 (38. Nxb8 d3) 38... Nxd4 39. Bxd4 Ke8
40. Bc5 Kd7 41. Kg1 Kc6 42. Be3 h6 43. g3 Kd5 44. Kf2 Ke4 45. Ke2 h5 46. h4 Kd5
47. Kd3 {Diagram #} 47... f5 48. exf6 Kc6 49. Ke4 Bd6 50. Bd4 Kb7 51. f7 Kc6
52. Bg7 Kxb6 53. f8=Q Bxf8 54. Bxf8 Kc6 55. Ke5 Kd7 56. Kf6 Ke8 57. Bd6 Kd7 58.
Be5 Kc6 59. Kxg6 Kc5 60. Kxh5 1-0

[Event "CICL op"]
[Site "?"]
[Date "2003.05.17"]
[Round "1"]
[White "Benforado"]
[Black "Garzon, Otero y"]
[Result "0-1"]
[WhiteElo "1500"]
[BlackElo "2203"]
[PlyCount "110"]
[SourceDate "2003.05.17"]

1. f4 d5 2. b3 Nf6 3. Bb2 c5 4. e3 Nc6 5. Nf3 e6 6. Bb5 Bd6 7. d3 O-O 8. Bxc6
bxc6 9. Ne5 Qb6 10. c4 {Diagram #} 10... a5 11. a4 d4 12. e4 Bxe5 13. fxe5 Nd7
14. Nd2 Nxe5 {Diagram #} 15. O-O Nxd3 16. Ra2 Rb8 17. Rf3 Ne5 18. Rg3 Ng6 19.
Ba3 e5 20. Rb2 Rb7 21. Nf3 f6 22. h4 Nf4 23. Nh2 {Diagram #} 23... d3 24. Ng4
Ne2+ 25. Rxe2 dxe2 26. Qxe2 Rd7 27. h5 Rd4 28. Qf3 Bxg4 29. Qxg4 Qa7 {Diagram #
} 30. Bxc5 Rd1+ 31. Kh2 Qd7 32. Bxf8 Kxf8 33. Qxd7 Rxd7 {Diagram #} 34. Re3 Ke7
35. Kg3 Rd1 36. Kf2 Kd6 37. Rg3 Rh1 38. Rxg7 Rxh5 39. Ra7 Rh4 40. Kf3 Rf4+ 41.
Ke3 Rg4 42. Kf3 Rf4+ 43. Ke3 {Diagram #} 43... Rf1 44. Rxh7 Rb1 45. Rb7 Kc5 46.
Kd3 Rb2 47. g4 Rg2 48. Rg7 Rg3+ 49. Kc2 Kd4 50. Rg6 Rg2+ 51. Kc1 Rf2 52. g5
fxg5 53. Rxg5 Kxe4 {Diagram #} 54. Rg6 c5 55. Kd1 Kd4 0-1

[Event "CICL op"]
[Site "?"]
[Date "2003.05.17"]
[Round "1"]
[White "McGee, Lance"]
[Black "Burian, Dave"]
[Result "0-1"]
[WhiteElo "1155"]
[BlackElo "1574"]
[PlyCount "50"]
[SourceDate "2003.05.17"]

1. e4 c5 2. f4 Nc6 3. Nf3 d6 4. Bc4 Nf6 5. Ng5 e6 {Diagram #} 6. f5 Na5 7. b3
Nxc4 8. bxc4 exf5 9. d3 Be7 10. Bb2 O-O 11. e5 {Diagram #} 11... Ng4 12. Nf3
Bh4+ 13. g3 Be7 14. h4 Re8 15. d4 dxe5 16. d5 Qb6 17. Bc3 e4 18. Ng5 h6 {
Diagram #} 19. Qc1 hxg5 20. hxg5 Qg6 21. Qb2 Qxg5 22. Bd2 Qg6 23. Na3 Bf6 {
Diagram #} 24. Qb5 Re7 25. O-O-O Bd7 0-1

[Event "CICL op"]
[Site "?"]
[Date "2003.05.17"]
[Round "2"]
[White "Inumerable, Florin"]
[Black "Sollano, Ely"]
[Result "1/2-1/2"]
[WhiteElo "2248"]
[BlackElo "1992"]
[PlyCount "32"]
[SourceDate "2003.05.17"]

1. d4 d5 2. Nf3 Nf6 3. Bf4 Bf5 4. e3 e6 5. c4 c6 6. Nc3 Nbd7 7. Be2 Be7 8. O-O
O-O 9. cxd5 exd5 10. h3 h6 11. Qb3 Qb6 12. Rfc1 {Diagram #} 12... Ne4 13. Nxe4
Bxe4 14. Nd2 Bf5 15. a3 Qxb3 16. Nxb3 a5 1/2-1/2

[Event "CICL op"]
[Site "?"]
[Date "2003.05.17"]
[Round "2"]
[White "Easton, Richard"]
[Black "Garzen, G."]
[Result "1-0"]
[WhiteElo "1891"]
[BlackElo "2203"]
[PlyCount "80"]
[SourceDate "2003.05.17"]

1. d4 Nf6 2. Nf3 g6 3. Bg5 Bg7 4. e3 O-O 5. Be2 d6 6. O-O c5 7. c3 a6 8. a4 b6
9. Nbd2 Bb7 {Diagram #} 10. Re1 Re8 11. h3 Nc6 12. Qb3 Qc7 13. Bxf6 Bxf6 14.
Nc4 Rab8 15. Qxb6 Qc8 16. Qb3 cxd4 17. exd4 {Diagram #} 17... Ne5 18. Ncxe5
Bxf3 19. Qxf7+ Kh8 20. Nxf3 {Diagram #} 20... Rf8 21. Qc4 Qf5 22. Qd3 Qf4 23.
Qe3 Qf5 24. Bd3 Qh5 25. b4 g5 26. Qe4 Rg8 27. Qf5 Rbf8 {Diagram #} 28. Qxh7+
Qxh7 29. Bxh7 Kxh7 30. Nd2 a5 31. b5 Rc8 32. Ra3 Ra8 33. Re6 Rgc8 {Diagram #}
34. Nb3 Ra7 35. Kf1 Kg7 36. Ke2 Rc4 37. Nc1 Kf8 38. Kd3 Kf7 39. Re3 e6 40. Rb3
Bd8 1-0

[Event "CICL op"]
[Site "?"]
[Date "2003.05.17"]
[Round "2"]
[White "Williams, Kent"]
[Black "Ailes, Tim"]
[Result "1/2-1/2"]
[WhiteElo "2199"]
[BlackElo "1662"]
[Annotator "Friske,Tom"]
[PlyCount "119"]
[SourceDate "2003.05.17"]

1. Nf3 Nf6 2. d4 c5 3. d5 d6 4. c4 b5 5. cxb5 a6 6. Nc3 axb5 7. Nxb5 Qa5+ 8.
Nc3 Ba6 {Diagram #} 9. Bd2 Qc7 10. Qa4+ Qd7 11. Qc2 Qb7 12. e4 Bxf1 13. Kxf1 g6
14. g3 Bg7 15. Kg2 O-O 16. Bg5 Na6 17. a3 Rfb8 18. Rab1 {Diagram #} 18... c4
19. Nd2 Rc8 20. f3 h6 21. Be3 Nd7 22. Ne2 Nac5 23. Bd4 Nb3 24. Bxg7 Kxg7 25.
Qc3+ f6 26. Nxb3 cxb3 {Diagram #} 27. Qe3 Rc2 28. f4 Ra4 29. Kf3 f5 30. Nd4
fxe4+ 31. Qxe4 Nc5 32. Ne6+ Nxe6 33. Qxe6 Rd4 {Diagram #} 34. Rhe1 (34. Rhd1
Rxd1 35. Rxd1 Rxb2) 34... Qxd5+ 35. Qxd5 Rxd5 36. Rxe7+ Kf6 37. Rb7 Rd3+ 38.
Ke4 Rcd2 {Diagram # threat is d5# !} 39. Rb6 Ke7 40. Rb7+ Ke6 41. Rb6 Kd7 (
41... Rd4+ 42. Kf3 h5 $11 (42... R4d3+ 43. Kg4)) 42. Rb7+ Kc6 43. Rg7 d5+ {
Diagram #} 44. Ke5 Re2+ 45. Kf6 Rde3 46. Kxg6 Rxh2 47. f5 Rxg3+ 48. Kf7 Rf3 49.
Rg6+ Kc5 50. f6 h5 51. Kg7 Rhf2 {Diagram #} 52. Rc1+ Kd6 53. f7+ Kd7 {Diagram #
} 54. Kh6 h4 55. Rd1 Rxf7 56. Rxd5+ Ke7 57. Rb5 Rxb2 {Diagram #} 58. Rb7+ Kf8
59. Rb8+ Ke7 60. Rb7+ 1/2-1/2

[Event "CICL op"]
[Site "?"]
[Date "2003.05.17"]
[Round "2"]
[White "Burian, Dave"]
[Black "Olsen, Art"]
[Result "1/2-1/2"]
[WhiteElo "1574"]
[BlackElo "1519"]
[Annotator "Friske,Tom"]
[PlyCount "56"]
[SourceDate "2003.05.17"]

1. e4 c5 2. Nf3 Nc6 3. d4 cxd4 4. Nxd4 Qb6 5. Nxc6 bxc6 6. Nc3 e6 7. Bc4 Nf6 8.
O-O {Diagram #} 8... Nxe4 9. Nxe4 d5 10. Bb3 dxe4 11. Bg5 Bc5 12. Bh4 Ba6 13.
Re1 e3 14. fxe3 Bxe3+ 15. Kh1 O-O 16. Qg4 {Diagram #} 16... Qd4 17. Qh3 Bh6 18.
c3 Qd2 19. Rab1 c5 20. Bxe6 Rab8 (20... fxe6 21. Qxe6+ Kh8 22. Qxa6) 21. Red1
Qe2 22. Bf5 Bc8 23. Re1 Qd2 24. Red1 Qe2 25. Bg5 {Diagram #} 25... Bxf5 26.
Qxf5 Rxb2 27. Re1 Rxb1 28. Rxb1 Bxg5 1/2-1/2

[Event "CICL op"]
[Site "?"]
[Date "2003.05.17"]
[Round "2"]
[White "LaForge, Wayne"]
[Black "Benforado, Ed"]
[Result "0-1"]
[WhiteElo "1405"]
[BlackElo "1500"]
[Annotator "Friske,Tom"]
[PlyCount "82"]
[SourceDate "2003.05.17"]

1. c4 c6 2. Nc3 Nf6 3. Nf3 d5 4. d4 Bg4 5. Ne5 dxc4 6. Nxg4 Nxg4 7. e3 Nf6 8.
Bxc4 e6 9. a3 Bd6 10. Qc2 (10. e4) 10... Nd5 11. O-O (11. Ne4) 11... O-O 12.
Rd1 Qc7 13. g3 Nd7 14. e4 Nxc3 15. bxc3 {Diagram #} 15... Nb6 16. Bd3 e5 17. c4
Be7 (17... exd4 18. c5) 18. c5 Nd7 19. Be3 exd4 20. Bxd4 h6 21. Ra2 Bf6 22. Be3
Rfd8 23. a4 Qa5 24. Rb1 {Diagram #} 24... Rab8 25. Bf4 Ne5 26. Be2 Rd7 27. Kg2
Rbd8 28. Rab2 Ng6 {Diagram #} 29. Rxb7 Nxf4+ 30. gxf4 Rd2 31. Qc4 Rxe2 32. Qxe2
Qxc5 33. e5 Bh4 34. Qe3 Qc2 35. R1b2 Qg6+ 36. Kf1 Rd1+ 37. Ke2 Qg1 {Diagram #}
38. Kf3 Qh1+ 39. Kg4 Qxh2 40. Qh3 Rg1+ 41. Kxh4 g5+ 0-1

[Event "CICL op"]
[Site "?"]
[Date "2003.05.17"]
[Round "3"]
[White "Inumerable, Florin"]
[Black "Easton, Richard"]
[Result "1-0"]
[WhiteElo "2248"]
[BlackElo "1891"]
[Annotator "Friske,Tom"]
[PlyCount "55"]
[SourceDate "2003.05.17"]

1. d4 d5 2. Nf3 Nf6 3. c4 c6 4. e3 e6 5. Bd3 dxc4 6. Bxc4 Nbd7 7. O-O Be7 8.
Nc3 O-O 9. Qe2 c5 10. Rd1 {Diagram #} 10... cxd4 11. Nxd4 Qa5 12. a3 a6 13. b4
Qh5 14. Qxh5 Nxh5 {Diagram #} 15. Nxe6 fxe6 16. Bxe6+ Rf7 (16... Kh8 17. Bxd7)
17. Nd5 Bd8 18. Bb2 Kf8 19. Rac1 Nhf6 {Diagram #} 20. Bxf6 Nxf6 21. Bxc8 Nxd5
22. Rxd5 Bf6 23. Rcc5 Rb8 24. f4 Re7 25. Kf2 h6 26. Kf3 Ke8 27. e4 b5 28. Bxa6
{Diagram # BLACK RESIGNED in a couple more moves.} 1-0

[Event "CICL op"]
[Site "?"]
[Date "2003.05.17"]
[Round "3"]
[White "Burian, Dave"]
[Black "Williams, Kent"]
[Result "0-1"]
[WhiteElo "1574"]
[BlackElo "2199"]
[PlyCount "40"]
[SourceDate "2003.05.17"]

1. e4 c6 2. d4 d5 3. exd5 cxd5 4. Nf3 Nc6 5. h3 Nf6 6. Bg5 Ne4 7. Bh4 Qb6 {
Diagram #} 8. b3 Qb4+ 9. c3 Nxc3 10. Nxc3 Qxc3+ 11. Nd2 Qxd4 {Diagram #} 12.
Bg5 Qe5+ 13. Be3 e6 14. Bb5 Bd6 15. Rc1 Bd7 16. Nf3 Bb4+ 17. Nd2 d4 18. Bxc6
Bxc6 {Diagram #} 19. O-O dxe3 20. Nf3 Bxf3 0-1

[Event "CICL op"]
[Site "?"]
[Date "2003.05.17"]
[Round "3"]
[White "Ailes, Tim"]
[Black "Sollano, Ely"]
[Result "0-1"]
[WhiteElo "1662"]
[BlackElo "1992"]
[Annotator "Friske,Tom"]
[PlyCount "50"]
[SourceDate "2003.05.17"]

1. e4 c5 2. Nf3 Nc6 3. d4 cxd4 4. Nxd4 Qc7 5. Nc3 e6 6. Be2 a6 7. O-O b5 8. Be3
Bb7 9. a3 Rc8 {Diagram #} 10. Rc1 Nf6 11. Kh1 Na5 12. f3 Be7 13. Bf2 O-O 14.
Bd3 Bd6 {Diagram #} 15. Nce2 Nh5 16. c3 Bxh2 17. Qc2 Be5 18. Bh4 h6 19. g4 Ng3+
20. Bxg3 Bxg3 21. Nxg3 Qxg3 {Diagram #} 22. Rf2 Nc6 23. Nxc6 Bxc6 24. Rg1 {
Diagram # WHITE RESIGNED} 24... Qh3+ 25. Rh2 Qxf3+ 0-1

[Event "CICL op"]
[Site "?"]
[Date "2003.05.17"]
[Round "3"]
[White "Garzon, Otero y"]
[Black "Reid, Carl"]
[Result "1-0"]
[WhiteElo "2203"]
[BlackElo "1463"]
[PlyCount "73"]
[SourceDate "2003.05.17"]

1. d4 d5 2. c4 e6 3. Nc3 Nf6 4. Bg5 Be7 5. e3 O-O 6. Nf3 h6 7. Bh4 Ne4 8. Bxe7
Qxe7 9. cxd5 Nxc3 10. bxc3 exd5 11. Qb3 {Diagram #} 11... Nd7 12. Qxd5 Nb6 13.
Qb3 c6 14. Be2 Be6 15. c4 f6 16. O-O {Diagram #} 16... Rab8 17. Rac1 Nc8 18.
Rfd1 Bf7 19. Qb1 Nd6 20. Qb4 Nf5 21. Rb1 Qxb4 22. Rxb4 b6 23. a4 Nd6 24. Nd2
Rfe8 25. Rdb1 {Diagram #} 25... Bg6 26. R1b2 Rbc8 27. c5 bxc5 28. dxc5 Ne4 29.
Nxe4 Bxe4 30. Rb7 {Diagram #} 30... Re5 31. f3 Bg6 32. Rxa7 Rxc5 33. Rbb7 Rc1+
34. Kf2 c5 {Diagram #} 35. Rxg7+ Kh8 36. Rxg6 c4 37. Rxh6+ 1-0

[Event "CICL op"]
[Site "?"]
[Date "2003.05.17"]
[Round "3"]
[White "Marshall, Kevin"]
[Black "Benforado, Ed"]
[Result "0-1"]
[WhiteElo "1360"]
[BlackElo "1500"]
[Annotator "Friske,Tom"]
[PlyCount "97"]
[SourceDate "2003.05.17"]

1. d4 d5 2. c4 c6 3. Nc3 Nf6 4. Nf3 a6 5. e3 Bg4 6. Be2 Bxf3 7. Bxf3 dxc4 8.
O-O {Diagram #} 8... b5 9. b3 b4 10. Na4 c3 11. a3 a5 12. Nc5 bxa3 13. Bxa3 e6
14. Nb7 Qc7 15. Bxf8 Kxf8 16. Nc5 Nd5 17. Qd3 Nd7 {Diagram #} 18. e4 (18. Nxd7+
Qxd7 19. Bxd5 cxd5 20. Qxc3 $14) 18... Nxc5 19. dxc5 Nb4 20. Qxc3 f6 21. Qc4 e5
22. Bh5 g6 23. Bg4 Kg7 {Diagram #} 24. f4 Rhd8 25. fxe5 Qxe5 26. Kh1 Rd4 27.
Qc3 Rxe4 28. Qxe5 Rxe5 29. Rfc1 {Diagram #} 29... Nd3 30. Rc2 Rxc5 31. Rxc5
Nxc5 32. b4 Nd3 33. Rxa5 {Diagram #} 33... Re8 (33... Rxa5 34. bxa5 Nf2+ 35.
Kg1 Nxg4 36. a6 $18) (33... Rb8 $142 34. Bf3 c5 35. b5 c4) 34. h3 Nf2+ 35. Kh2
Nxg4+ 36. hxg4 Re4 37. Ra7+ Kh6 38. g5+ fxg5 39. Rb7 {Diagram #} 39... g4 40.
Rb6 Rc4 41. Rb7 g5 42. b5 cxb5 43. Rxb5 Rc6 44. Rf5 Kg6 45. Rf2 h5 46. Rf8 h4
47. Rg8+ Kf5 48. Rf8+ {Diagram #} 48... Ke4 49. Re8+ 0-1

[Event "CICL op"]
[Site "?"]
[Date "2003.05.17"]
[Round "3"]
[White "LaForge, Wayne"]
[Black "McGee, L."]
[Result "1-0"]
[WhiteElo "1405"]
[BlackElo "1155"]
[Annotator "Friske,Tom"]
[PlyCount "115"]
[SourceDate "2003.05.17"]

1. c4 e5 2. Nc3 Bc5 3. g3 h6 4. Bg2 c6 5. e4 Ne7 6. Nge2 Ng6 7. O-O O-O 8. a3
d6 9. Kh1 Be6 10. d3 {Diagram #} 10... Qc8 11. f4 Bh3 12. Bxh3 Qxh3 13. f5 Ne7
{Diagram #} 14. d4 Bb6 15. Ng1 {Diagram #} 15... Qxf1 16. Qxf1 Bxd4 17. Nge2
Bb6 {Diagram #} 18. f6 Ng6 19. b4 Nd7 20. fxg7 Kxg7 21. Qd1 Bc7 {Diagram #} 22.
c5 a5 23. bxa5 Nxc5 24. Rb1 Rxa5 25. Qd2 Rh8 26. Qe3 b5 27. Ng1 h5 28. h4 Ne6
29. Nf3 Ra6 30. Rb3 Bb6 31. Qe2 Nc5 {Diagram #} 32. Rb4 Ba5 33. Na2 Bxb4 34.
Nxb4 Ra4 35. Nxc6 Nxe4 36. Qxb5 Nxg3+ 37. Kh2 Rg4 38. a4 Rg8 39. a5 Kh7 40.
Ng5+ Kg7 41. a6 Nxh4 42. a7 e4 43. Nb8 {Diagram #} 43... Nhf5 44. a8=Q Rh4+ 45.
Nh3 e3 46. Qab7 e2 47. Bb2+ Kg6 48. Bc3 Nf1+ 49. Kg1 N1e3 50. Nf2 {Diagram #}
50... Kh6+ 51. Ng4+ Rgxg4+ 52. Kf2 Rg2+ {Diagram #} 53. Qxg2 (53. Ke1 Rh1+ 54.
Kd2 e1=Q+) 53... Nxg2 54. Kxg2 Ne3+ 55. Kf3 Nd1 56. Bd2+ Kg7 {Diagram #} 57.
Qg5+ Kf8 58. Qxh4 1-0

[Event "CICL op"]
[Site "?"]
[Date "2003.05.17"]
[Round "4"]
[White "Williams, Kent"]
[Black "Inumerable, Florin"]
[Result "0-1"]
[WhiteElo "2199"]
[BlackElo "2248"]
[PlyCount "67"]
[SourceDate "2003.05.17"]

1. Nf3 Nf6 2. d4 d5 3. Nbd2 g6 4. e3 Bg7 5. Be2 c5 6. c3 b6 7. Bb5+ Nfd7 8. O-O
O-O 9. Re1 {Diagram #} 9... a6 10. Bf1 f5 11. Qb3 e6 12. c4 Nc6 13. cxd5 Na5
14. Qc2 exd5 15. b3 Nc6 16. Bb2 Bb7 17. Rac1 Rc8 18. Qb1 {Diagram #} 18... g5
19. Qa1 g4 20. Ne5 Ndxe5 21. dxe5 Qe7 22. f4 gxf3 23. Nxf3 Rce8 24. Rc2 Nxe5
25. Nxe5 Bxe5 26. Bxe5 Qxe5 {Diagram #} 27. Qc1 Rf6 28. Rce2 a5 29. Qd1 Re7 30.
g3 h5 31. Bg2 h4 {Diagram #} 32. gxh4 Kh8 33. Kh1 Rg6 34. Rf2 0-1

[Event "CICL op"]
[Site "?"]
[Date "2003.05.17"]
[Round "4"]
[White "Sollano, Ely"]
[Black "Garzon, Otero y"]
[Result "0-1"]
[WhiteElo "1992"]
[BlackElo "2203"]
[PlyCount "70"]
[SourceDate "2003.05.17"]

1. Nf3 Nf6 2. d4 g6 3. e3 Bg7 4. c4 O-O 5. Nc3 d6 6. Be2 c5 7. O-O a6 8. Qc2
Nc6 9. a3 Rb8 10. Rd1 Qc7 11. d5 {Diagram #} 11... Ne5 12. Nxe5 dxe5 13. e4 Ne8
14. Be3 Nd6 15. Rac1 Bd7 16. Qd2 Rbc8 17. Kh1 f5 18. f3 f4 19. Bf2 g5 20. g4
Bf6 21. Qe1 h5 {Diagram #} 22. gxh5 (22. h3) 22... Kf7 23. Qg1 Rh8 24. b4 b6
25. bxc5 bxc5 {Diagram #} 26. h4 Rxh5 27. Kg2 gxh4 28. Kf1 h3 29. Ke1 Rg8 30.
Qh1 Bh4 31. Bxh4 Rxh4 32. Kd2 Rg3 {Diagram #} 33. Rf1 Rh8 34. Rf2 Qa5 35. Ra1 {
Diagram #} 35... Nxe4+ 0-1

[Event "CICL op"]
[Site "?"]
[Date "2003.05.17"]
[Round "4"]
[White "Benforado"]
[Black "Easton, Richard"]
[Result "0-1"]
[WhiteElo "1500"]
[BlackElo "1891"]
[Annotator "Friske,Tom"]
[PlyCount "84"]
[SourceDate "2003.05.17"]

1. f4 d5 2. b3 Nf6 3. Bb2 Bf5 4. Nf3 h6 5. e3 e6 6. Be2 Nbd7 7. O-O c6 8. Ba3
Bxa3 9. Nxa3 Qa5 10. Qc1 Ne4 {Diagram #} 11. c3 Ndf6 12. Nc2 O-O 13. Ne5 Qd8
14. Nd4 Bh7 15. Qe1 Nd7 16. Ndf3 Nxe5 17. Nxe5 Qe7 18. Rd1 {Diagram #} 18...
Qa3 19. d3 Nd6 20. Rd2 a5 21. Bd1 a4 22. Qg3 axb3 23. axb3 Nf5 24. Qf2 f6 25.
Nf3 Qc5 26. g4 Nd6 {Diagram #} 27. Nd4 Qxc3 28. f5 (28. Nxe6) 28... exf5 29.
gxf5 Ra1 30. Kh1 Rf7 31. Qg2 {Diagram #} 31... c5 32. Ne6 Nxf5 33. Qxd5 Kh8 (
33... Nxe3 34. Qd8+ $18) 34. Qd8+ Bg8 35. Rc2 Qxb3 {Diagram #} 36. Nf8 Rxd1 37.
Ng6+ Kh7 38. Nf8+ Rxf8 39. Qxf8 Rxf1+ 40. Kg2 {Diagram #} 40... Nxe3+ 41. Kg3
Qxc2 42. Qe8 Qg2+ 0-1

[Event "CICL op"]
[Site "?"]
[Date "2003.05.17"]
[Round "4"]
[White "Burian, Dave"]
[Black "Ailes, Tim"]
[Result "0-1"]
[WhiteElo "1574"]
[BlackElo "1662"]
[Annotator "Friske,Tom"]
[PlyCount "96"]
[SourceDate "2003.05.17"]

1. e4 c5 2. Nf3 g6 3. d4 cxd4 4. Qxd4 Nf6 5. e5 Nc6 6. Qc3 Nd5 7. Qb3 e6 8. Bg5
Qa5+ 9. Nbd2 Bg7 {Diagram #} 10. Bc4 Nxe5 11. Nxe5 Bxe5 12. Bh6 Nb6 13. O-O Qa4
14. Qd3 a6 15. Rfe1 d6 16. Bb3 Qh4 {Diagram #} 17. Nf3 Qxh6 18. Nxe5 dxe5 19.
Qd6 Nd7 20. Rad1 Qf8 21. Qc7 {Diagram #} 21... Qc5 $2 22. Qxc5 $2 (22. Rxd7 $1)
22... Nxc5 23. Bc4 f6 24. Rd2 Ke7 25. Red1 b5 26. Be2 Bb7 27. b4 {Diagram #}
27... Bxg2 28. bxc5 Bd5 29. a3 Rhc8 30. Rb1 Rxc5 31. Bd3 Rac8 32. Rb4 f5 33.
Rh4 h5 {Diagram #} 34. Bf1 Rxc2 35. Rd1 Bf3 36. Ra1 e4 37. a4 Be2 38. Bxe2 Rxe2
39. axb5 axb5 40. Ra7+ Kf6 41. Rb7 Rb2 42. Rh3 b4 43. Re3 {Diagram #} 43... g5
44. Rb6 Rc4 45. Kg2 Rcc2 46. Kg3 Rxf2 47. h4 f4+ 48. Kh3 g4# 0-1